[Event "1.FrauenBL 2016-17"]
[Site "Berlin"]
[Date "2017.04.29"]
[Round "11.2"]
[White "Diederichs, Luise"]
[Black "Boehm, Jana"]
[Result "1/2-1/2"]
[WhiteElo "1971"]
[BlackElo "1963"]
[Annotator "NA"]
[PlyCount "72"]
[EventDate "2017.??.??"]
[EventType "team-tourn"]
[EventCountry "GER"]
[SourceTitle "playchess.com"]
[Source "ChessBase"]
[SourceQuality "1"]
[WhiteTeam "TuRa Harksheide"]
[BlackTeam "SK Lehrte"]
[TimeControl "40/6000+30:3000+30"]

1. c4 {[%emt 1:30:25]} Nf6 {[%emt 1:30:25]} 2. Nc3 {[%emt 1:30:50]} d5 {[%emt 1:30:33]} 3. cxd5 {[%emt 1:31:08]} Nxd5 {[%emt 1:30:57]} 4. e4 {[%emt 1:31:18]} Nxc3 {[%emt 1:30:51]} 5. bxc3 {[%emt 1:31:37]} g6 {[%emt 1:30:20]} 6. d4 {[%emt 1:30:20]} c5 {[%emt 1:27:59]} 7. Bc4 {[%emt 1:27:59]} Bg7 {[%emt 1:27:30]} 8. Ne2 {[%emt 1:30:56]} O-O {[%emt 1:27:36]} 9. O-O {[%emt 1:30:13]} Nc6 {[%emt 1:27:33]} 10. Be3 {[%emt 1:27:33]} Bg4 {[%emt 1:25:31]} 11. f3 {[%emt 1:29:03]} Bd7 {[%emt 1:25:50]} 12. dxc5 {[%emt 1:25:43]} Na5 {[%emt 1:19:02]} 13. Qd3 {[%emt 1:22:13]} Qc7 {[%emt 1:14:20]} 14. Bb3 {[%emt 1:11:23]} Rfd8 {[%emt 1:05:30]} 15. Rad1 {[%emt 1:05:30]} Rac8 {[%emt 0:59:17]} 16. Nd4 {[%emt 1:01:47]} a6 {[%emt 1:01:47]} 17. Qe2 $1 {[%emt 0:51:10]} e5 {[%emt 0:43:24]} 18. Nc2 {[%emt 0:43:24]} Bf8 $14 {[%emt 0:42:54]} 19. Nb4 {[%emt 0:42:54]} Nxb3 {[%emt 0:31:46]} 20. axb3 {[%emt 0:31:46]} Be6 {[%emt 0:46:15]} 21. Nd5 {[%emt 0:45:46]} Bxd5 {[%emt 0:31:41]} 22. exd5 {[%emt 0:46:05]} Bxc5 {[%emt 0:31:43]} 23. c4 {[%emt 0:31:43]} b5 {[%emt 0:29:52]} 24. Rc1 {[%emt 0:45:12]} Bxe3+ {[%emt 0:28:55]} 25. Qxe3 {[%emt 0:45:27]} Qc5 {[%emt 0:45:27]} 26. Kf2 {[%emt 0:39:25]} Kf8 {[%emt 0:29:16]} 27. Qxc5+ {[%emt 0:38:38]} Rxc5 {[%emt 0:29:43]} 28. Ke3 {[%emt 0:38:39]} Ke7 {[%emt 0:28:14]} 29. Kd3 {[%emt 0:37:44]} a5 {[%emt 0:26:32]} 30. Ke4 {[%emt 0:32:04]} Kd6 {[%emt 0:21:51]} 31. Kd3 {[%emt 0:10:57]} Ke7 {[%emt 0:19:51]} 32. Ke4 {[%emt 0:04:43]} Kd6 {[%emt 0:20:03]} 33. Kd3 {[%emt 0:20:03]} f5 {[%emt 0:09:50]} 34. Rc2 {[%emt 0:09:50]} Rdc8 {[%emt 0:09:16]} 35. Rfc1 {[%emt 0:01:02]} R8c7 {[%emt 0:01:02]} 36. Rc3 {[%emt 0:00:47]} Rc8 {[%emt 0:07:12]} 1/2-1/2

[Event "1.FrauenBL 2016-17"]
[Site "Berlin"]
[Date "2017.04.29"]
[Round "11.3"]
[White "Savina, Anastasia"]
[Black "Muzychuk, Mariya"]
[Result "*"]
[WhiteElo "2378"]
[BlackElo "2546"]
[Annotator "TA"]
[PlyCount "39"]
[EventDate "2017.??.??"]
[EventType "team-tourn"]
[EventCountry "GER"]
[SourceTitle "playchess.com"]
[Source "ChessBase"]
[SourceQuality "1"]
[WhiteTeam "SC Bad Königshofen"]
[BlackTeam "OSG Baden-Baden"]

{[%evp 17,18,0,3]} 1. Nf3 c5 2. c4 Nc6 3. d4 cxd4 4. Nxd4 g6 5. e4 Bg7 6. Nc2 Nf6 7. Nc3 d6 8. Be2 O-O 9. O-O Nd7 {LiveBook: 361 Games} {Predecessor (50):} 10. Bd2 $146 a5 11. Qc1 Nc5 12. Bh6 Bxh6 13. Qxh6 f5 14. exf5 Bxf5 15. Qd2 Bxc2 16. Qxc2 Nd4 17. Qd2 e5 18. f4 Nxe2+ 19. Nxe2 exf4 20. Nxf4 {½-½ (28) Pashikian,A (2607)-Petrosian,T (2592) Yerevan 2017} *

[Event "1.FrauenBL 2016-17"]
[Site "Berlin"]
[Date "2017.04.29"]
[Round "11.3"]
[White "Savina, Anastasia"]
[Black "Muzychuk, Mariya"]
[Result "1/2-1/2"]
[WhiteElo "2378"]
[BlackElo "2546"]
[Annotator "TA"]
[PlyCount "103"]
[EventDate "2017.??.??"]
[EventType "team-tourn"]
[EventCountry "GER"]
[SourceTitle "playchess.com"]
[Source "ChessBase"]
[SourceQuality "1"]
[WhiteTeam "SC Bad Königshofen"]
[BlackTeam "OSG Baden-Baden"]

{[%evp 20,103,18,-18,7,18,8,13,8,-29,29,29,63,0,0,0,14,0,21,5,6,-16,212,220,262,231,275,270,220,195,175,158,125,0,0,0,0,0,0,-6,-5,-13,-7,-13,-12,-18,-18,-31,0,0,0,0,0,0,0,0,0,1,5,5,14,-7,-7,-7,0,-7,0,0,0,0,0,0,0,0,0,0,0,0,0,0,0,-46,0,-46,0,-46]} 1. Nf3 c5 2. c4 Nc6 3. d4 cxd4 4. Nxd4 g6 5. e4 Bg7 6. Nc2 Nf6 7. Nc3 d6 8. Be2 O-O 9. O-O Nd7 10. Bd2 Nc5 11. b4 Bxc3 {B37: Sicilian: Maroczy Bind with 5...Bg7, sidelines} 12. Bxc3 Nxe4 13. Bb2 e5 14. Bd3 Ng5 (14... Nf6 $142 $1) 15. b5 $11 Nb8 $146 {[%cal Bc6b8,Bb8d7,Bd7e5][%mdl 32]} ({Predecessor:} 15... e4 16. Bxe4 Nxe4 17. bxc6 Qb6 18. Rb1 bxc6 19. Bg7 {1-0 (30) Perunovic,M (2589)-Goumas,G (2276) Kavala 2008}) 16. f4 exf4 17. Rxf4 Nd7 18. Be2 Ne6 19. Rf2 $36 {[%mdl 2048] White has good play.} Ne5 20. Qd5 {[#] Black must now prevent c5.} a6 $2 (20... Qb6 $11 {and Black is okay.}) 21. c5 $1 $18 axb5 22. cxd6 Nc4 23. Bxc4 (23. Qxb5 Nxb2 24. Qxb2 Qxd6 $15) 23... bxc4 24. Qxc4 ({Weaker is} 24. Qe5 f6 25. Qc3 (25. Rxf6 Rxf6 26. Qxf6 Qxf6 27. Bxf6 Nf4 $15) 25... Ra4 $11) 24... Ra6 25. Qc3 {[%csl Gb2][%cal Rc3h8] [#]} f6 26. Rxf6 (26. Rd1 $16) 26... Qxf6 $11 27. Qxf6 Rxf6 28. Bxf6 Rxd6 29. Be5 Rd2 30. Ne1 Bd7 31. Nf3 Re2 32. a3 Bc6 {Threatens to win with ...Bxf3.} 33. Bd6 g5 34. Rf1 h5 35. Rf2 Re3 36. Ne5 Bb5 {( -> ...Re1+)} 37. h4 Re1+ 38. Kh2 {With the idea Rf6.} Rd1 39. Be7 {Hoping for Rf6.} Rd5 40. Nf3 {[%cal Rh4g5]} g4 41. Nd2 Bd3 42. Nf1 Nd4 43. Ng3 Nf5 44. Nxf5 Bxf5 {[%mdl 4096] Endgame KRB-KRB} 45. Kg3 Bd7 46. Bb4 Bc6 47. Kf4 Kf7 48. Rd2 Rxd2 49. Bxd2 Bxg2 50. Bb4 Ke6 51. Bf8 b5 52. Bb4 1/2-1/2

[Event "1.FrauenBL 2016-17"]
[Site "Berlin"]
[Date "2017.04.29"]
[Round "11.3"]
[White "Majdan-Gajewska, Joanna"]
[Black "Gaponenko, Inna"]
[Result "1/2-1/2"]
[WhiteElo "2363"]
[BlackElo "2416"]
[Annotator "TA RC"]
[PlyCount "61"]
[EventDate "2017.??.??"]
[EventType "team-tourn"]
[EventCountry "GER"]
[SourceTitle "playchess.com"]
[Source "ChessBase"]
[SourceQuality "1"]
[WhiteTeam "Rodewischer SM"]
[BlackTeam "Karlsruher SF"]

{[%evp 20,61,0,0,11,-1,-1,-9,0,-18,-5,-6,-8,0,0,-19,-21,-28,7,7,6,0,0,0,0,0,0,0,0,-9,0,-7,0,-13,3,2,8,9,9,6,7,0,5,-1955]} 1. e4 c5 2. Nc3 Nc6 3. Bb5 Nd4 4. Nf3 e6 5. O-O a6 6. Bd3 Nc6 7. Re1 d6 8. a4 Nf6 9. Bc4 Be7 10. d4 cxd4 11. Nxd4 Bd7 {B88: Sicilian: Sozin Attack} (11... Qc7 12. Nxc6 bxc6 13. Bf4 e5 14. Be3 a5 15. h3 Rb8 16. b3 O-O 17. Qd3 Be6 18. f4 Bxc4 19. Qxc4 {0-1 (27) Loef,D (2214)-Baerwinkel,T (2340) Germany 2009}) 12. Bg5 O-O 13. Nxc6 Bxc6 14. Qd4 $146 ({Predecessor:} 14. Qe2 Nxe4 15. Bxe7 Nxc3 16. bxc3 Qxe7 17. Bd3 Qg5 18. f3 Qc5+ {1-0 (27) Malyszek,T (951)-Shim Ng Min,F (862) LSS email 2012}) 14... d5 15. exd5 Nxd5 16. Bxe7 Nxe7 17. Qg4 Ng6 18. Bd3 Qh4 19. Qxh4 {The position is equal.} Nxh4 20. Be4 Rfc8 21. Rad1 Ng6 22. Rd6 Bxe4 23. Rxe4 Rc7 24. Kf1 Kf8 25. Ke2 Ne7 26. g4 Nd5 27. Nxd5 exd5 28. Rxd5 Rxc2+ 29. Rd2 Rac8 30. Red4 Rxd2+ 31. Ke3 $2 {[%mdl 40960] Precision: White = 64%, Black = 74%. . An unexpected result.} ({Much worse is} 31. Rxd2 Rc4 32. Rd8+ Ke7 $17) (31. Kxd2 $11 Ke7 32. Kd3) 1/2-1/2

[Event "1.FrauenBL 2016-17"]
[Site "Berlin"]
[Date "2017.04.29"]
[Round "11.3"]
[White "Umpfenbach, Carolin"]
[Black "Baciu, Diana"]
[Result "1-0"]
[WhiteElo "2131"]
[BlackElo "2275"]
[Annotator "NA"]
[PlyCount "69"]
[EventDate "2017.??.??"]
[EventType "team-tourn"]
[EventCountry "GER"]
[SourceTitle "playchess.com"]
[Source "ChessBase"]
[SourceQuality "1"]
[WhiteTeam "SV Medizin Erfurt"]
[BlackTeam "Hamburger SK"]
[TimeControl "40/6000+30:3000+30"]

{[%evp 18,69,16,14,24,12,79,32767,54,17,85,81,112,32767,32767,32767,32767,32767,32767,32767,32767,700,709,32767,647,669,718,681,693,32767,661,32767,674,622,632,32767,32767,32767,32767,638,1103,691,32767,32767,32767,32767,32767,32767,706,32767,32767,32767,705,782]} 1. d4 {[%emt 1:30:28]} d5 {[%emt 1:30:28]} 2. c4 {[%emt 1:30:54]} e6 {[%emt 1:30:51]} 3. Nc3 {[%emt 1:31:21]} Nf6 {[%emt 1:30:01]} 4. Bg5 {[%emt 1:30:57]} Bb4 {[%emt 1:29:57]} 5. e3 {[%emt 1:30:57]} h6 {[%emt 1:30:01]} 6. Bxf6 {[%emt 1:29:30]} Qxf6 {[%emt 1:29:30]} 7. Nf3 {[%emt 1:29:26]} O-O {[%emt 1:28:00]} 8. Qb3 {[%emt 1:19:47]} c5 {[%emt 1:26:35] D38: Queen's Gambit Declined: Ragozin Defence (4 Nf3 Bb4)} 9. Rc1 {[%emt 1:09:22]} (9. cxd5 exd5 10. a3 Bxc3+ 11. Qxc3 Nd7 12. Be2 b6 13. O-O Bb7 14. Rac1 c4 15. Nd2 b5 16. Bf3 Qe7 17. Qa5 Bc6 18. b3 Qd6 19. bxc4 bxc4 20. Nb1 Rab8 {½-½ (61) Shirov,A (2691)-Giri,A (2768) Hoogeveen 2014}) 9... dxc4 {[%emt 0:50:17]} 10. Bxc4 {[%emt 0:50:17]} Nc6 {[%emt 0:47:58]} 11. dxc5 {[%emt 1:08:00]} Qg6 {[%emt 0:47:24]} 12. O-O {[%emt 0:47:24]} Bxc5 {[%emt 1:07:47]} 13. Ne2 $146 {[%emt 0:51:02]} (13. Qb5 Bb4 14. Bd3 f5 15. Ne2 a6 16. Qa4 {½-½ (31) Trapl,J (2340)-Blatny,P (2415) Prague 1986}) 13... e5 {[%emt 0:33:57]} (13... Qf6 $11) 14. Bd5 {[%emt 0:42:28]} Bd6 {[%emt 0:33:31]} 15. Ng3 {[%emt 0:40:34]} Ne7 {[%emt 0:30:28]} 16. Rfd1 {[%emt 0:36:31]} Rd8 {[%emt 0:22:14]} 17. Nxe5 {[%emt 0:32:03]} Qf6 {[%emt 0:22:43]} 18. Nxf7 {[%emt 0:29:54]} Rf8 {[%emt 0:08:17]} 19. Nxd6+ {[%emt 0:08:17]} ({Weaker is} 19. Bxb7 Bxg3 20. hxg3 (20. Bxa8 Bxf2+ 21. Kh1 Be6 $15) 20... Bxb7 21. Nxh6+ (21. Qxb7 Qxf7 22. Rc2 Rac8 $15) 21... Kh7 $16) 19... Nxd5 {[%emt 0:08:45]} 20. Nde4 {[%emt 0:22:42]} Qf7 {[%emt 0:22:42]} 21. Qxd5 {[%emt 0:23:06]} Be6 {[%emt 0:08:11]} 22. Qa5 {[%emt 0:15:54]} b6 {[%emt 0:07:31]} 23. Qe1 {[%emt 0:10:02]} Bxa2 {[%emt 0:07:34]} 24. Rd3 {[%emt 0:08:13]} a5 {[%emt 0:04:40]} 25. Rdc3 {[%emt 0:08:03]} Ra7 {[%emt 0:02:38]} 26. Rc8 {[%emt 0:08:00]} Rxc8 {[%emt 0:08:00]} 27. Rxc8+ {[%emt 0:08:27]} Kh7 {[%emt 0:02:19]} 28. h3 {[%emt 0:06:12]} b5 {[%emt 0:06:12]} 29. Rc5 {[%emt 0:04:51]} b4 {[%emt 0:04:51]} 30. Qc1 {[%emt 0:01:51]} Be6 {[%emt 0:00:48]} 31. Nd6 {[%emt 0:05:06]} Qg6 {[%emt 0:05:06]} 32. Nb5 {[%emt 0:04:19]} Rf7 {[%emt 0:00:07]} 33. Nd4 {[%emt 0:00:07]} a4 {[%emt 0:00:07]} 34. Nxe6 {[%emt 0:03:39]} Qxe6 $18 {[%emt 0:00:36]} 35. Qc2+ {[%emt 0:00:36]} 1-0

[Event "1.FrauenBL 2016-17"]
[Site "Berlin"]
[Date "2017.04.29"]
[Round "11.3"]
[White "Zschischang, Marine"]
[Black "Koehler, Inken"]
[Result "1-0"]
[WhiteElo "2037"]
[BlackElo "1968"]
[Annotator "NA"]
[PlyCount "101"]
[EventDate "2017.??.??"]
[EventType "team-tourn"]
[EventCountry "GER"]
[SourceTitle "playchess.com"]
[Source "ChessBase"]
[SourceQuality "1"]
[WhiteTeam "SK Lehrte"]
[BlackTeam "TuRa Harksheide"]
[TimeControl "40/6000+30:3000+30"]

1. d4 {[%emt 1:30:27]} d5 {[%emt 1:30:21]} 2. c4 {[%emt 1:30:56]} c6 {[%emt 1:30:40]} 3. cxd5 {[%emt 1:31:23]} cxd5 {[%emt 1:30:51]} 4. Nc3 {[%emt 1:31:49]} Nf6 {[%emt 1:29:48]} 5. Nf3 {[%emt 1:32:15]} e6 {[%emt 1:25:02]} 6. Ne5 {[%emt 1:25:02]} Nc6 {[%emt 1:31:17]} 7. e3 {[%emt 1:30:43] D13: Slav Defence: Exchange variation without ...Bf5} Nxe5 {[%emt 1:19:07]} 8. dxe5 {[%emt 1:31:11]} Nd7 {[%emt 1:19:25]} 9. f4 {[%emt 1:19:25]} Qb6 $146 {[%emt 1:05:20]} (9... Be7 10. Bd3 a6 11. O-O b5 12. Ne2 Nc5 13. Bc2 Bb7 14. b3 {0-1 (39) Reinderman,D (2573)-Nyback,T (2643) Wijk aan Zee 2010}) 10. Bd3 {[%emt 1:12:49]} Nc5 {[%emt 1:02:34]} 11. Bc2 {[%emt 1:11:40]} Bd7 {[%emt 1:01:24]} 12. O-O {[%emt 1:10:12]} Bc6 {[%emt 0:53:04]} 13. Rb1 {[%emt 0:49:18]} Ne4 {[%emt 0:40:13]} 14. Bxe4 {[%emt 0:40:13]} dxe4 {[%emt 0:40:15]} 15. b4 {[%emt 0:22:17]} Rd8 {[%emt 0:22:17]} 16. Qc2 {[%emt 0:20:56]} Rd3 {[%emt 0:23:42]} ({Don't choose} 16... Bxb4 $2 17. a3 $18 (17. Nxe4 Qa5 $15)) 17. b5 {[%emt 0:19:35]} Bd5 $1 {[%emt 0:20:10]} 18. Nxd5 {[%emt 0:16:26]} Rxd5 {[%emt 0:20:38]} 19. Qc8+ {[%emt 0:20:38]} Rd8 {[%emt 0:20:18]} 20. Qc4 {[%emt 0:20:18]} Bc5 {[%emt 0:16:31]} 21. Qxe4 $11 {[%emt 0:16:31]} O-O {[%emt 0:16:09]} 22. Kf2 {[%emt 0:08:42]} Rd5 {[%emt 0:15:05]} 23. Rb3 {[%emt 0:04:48]} Rfd8 {[%emt 0:14:08]} 24. Kf3 {[%emt 0:03:17]} a6 {[%emt 0:08:58]} 25. Qc4 {[%emt 0:02:25]} axb5 {[%emt 0:07:34]} 26. Qxb5 {[%emt 0:02:39]} Qxb5 {[%emt 0:07:35]} 27. Rxb5 {[%emt 0:03:07]} b6 {[%emt 0:07:43]} 28. Rb3 {[%emt 0:01:35]} Ra8 {[%emt 0:06:31]} 29. a3 {[%emt 0:01:20]} Kf8 {[%emt 0:06:08]} 30. Ke2 {[%emt 0:01:48]} Rad8 {[%emt 0:05:25]} 31. g4 {[%emt 0:01:22]} Ke7 {[%emt 0:04:53]} 32. h4 {[%emt 0:01:20]} R5d7 {[%emt 0:03:50]} 33. h5 {[%emt 0:00:45]} h6 {[%emt 0:02:49]} 34. Rg1 {[%emt 0:00:45]} g5 {[%emt 0:01:38]} 35. hxg6 {[%emt 0:00:56]} fxg6 {[%emt 0:02:02]} 36. Rh1 {[%emt 0:01:21]} Rh8 {[%emt 0:02:15]} 37. Kf3 {[%emt 0:01:20]} h5 {[%emt 0:01:57]} 38. gxh5 {[%emt 0:01:57]} gxh5 {[%emt 0:01:56]} 39. e4 {[%emt 0:01:04]} Kf7 {[%emt 0:00:39]} 40. Be3 {[%emt 0:00:29]} Ra7 {[%emt 0:00:07]} 41. f5 {[%emt 0:28:33]} Rxa3 {[%emt 0:28:06]} 42. Rxa3 {[%emt 0:28:02]} Bxa3 {[%emt 0:28:28]} 43. Bxb6 {[%emt 0:28:11]} Bb2 {[%emt 0:25:44]} 44. Bc7 {[%emt 0:25:44]} Rc8 {[%emt 0:20:14]} 45. Rxh5 {[%emt 0:24:05]} Kg7 {[%emt 0:18:45]} 46. Bd6 {[%emt 0:18:45]} Rc3+ {[%emt 0:18:24]} 47. Ke2 {[%emt 0:16:05]} Rc4 {[%emt 0:16:05]} 48. Kd3 {[%emt 0:11:55]} Rc3+ {[%emt 0:14:54]} 49. Kd2 {[%emt 0:12:18]} Rc4 {[%emt 0:14:53]} 50. fxe6 {[%emt 0:09:07]} Rxe4 {[%emt 0:09:07]} 51. e7 {[%emt 0:09:02]} 1-0

[Event "1.FrauenBL 2016-17"]
[Site "Berlin"]
[Date "2017.04.29"]
[Round "11.4"]
[White "Cmilyte, Viktorija"]
[Black "Melamed, Tatjana"]
[Result "*"]
[WhiteElo "2534"]
[BlackElo "2346"]
[Annotator "TA"]
[PlyCount "102"]
[EventDate "2017.??.??"]
[EventType "team-tourn"]
[EventCountry "GER"]
[SourceTitle "playchess.com"]
[Source "ChessBase"]
[SourceQuality "1"]
[WhiteTeam "OSG Baden-Baden"]
[BlackTeam "SC Bad Königshofen"]

{[%evp 14,102,30,43,54,48,62,56,83,87,120,114,121,120,118,59,59,63,69,69,79,71,81,75,109,72,85,52,52,45,45,43,56,45,55,58,49,47,39,37,41,0,13,22,96,89,94,104,103,93,108,88,93,62,77,88,155,136,129,139,134,155,144,120,124,116,120,123,205,217,216,187,178,151,151,152,160,92,162,166,227,212,343,333,342,331,349,345,335,327,337]} 1. d4 Nf6 2. c4 g6 3. Nf3 Bg7 4. g3 O-O 5. Bg2 d6 6. O-O c6 7. Nc3 Qb6 8. b3 Qa5 {E62: King's Indian: Fianchetto: 6...c6 and Panno Variation (6...Nc6) without ...a6} (8... e5 9. Bb2 e4 10. Ne1 d5 11. Ba3 Re8 12. Nc2 Qd8 13. Ne3 Be6 14. Bb2 h5 15. f4 exf3 16. exf3 Na6 17. cxd5 Nxd5 18. Ncxd5 Bxd5 19. Nxd5 Qxd5 {½-½ (52) Malakhov,V (2702)-Pridorozhni,A (2556) St Petersburg 2015}) 9. Qd2 Qh5 10. Re1 $146 ({Predecessor (18):} 10. Qg5 Qxg5 11. Bxg5 Nbd7 12. Rad1 Re8 13. e4 h6 14. Bc1 a6 15. h3 Rb8 16. e5 dxe5 17. dxe5 {0-1 (58) Grigoryan,K (2586)-Babujian,L (2471) Yerevan 2014}) 10... Re8 {White is slightly better.} 11. e4 Bg4 12. Nh4 $1 Qa5 13. h3 Bc8 14. Bb2 (14. e5 $16 dxe5 15. Rxe5) 14... e5 $14 15. Nf3 Nbd7 16. Rad1 Nf8 17. d5 c5 18. a3 Bd7 19. Rb1 Rec8 20. Nb5 (20. a4 {is interesting.} a6 21. Ba3 Qc7 22. Qe2 Rcb8 23. Bc1) 20... Qxd2 21. Nxd2 Ne8 $1 22. Bf1 a6 {...Bh6 is the strong threat.} 23. Nc3 Bh6 24. Nf3 Rab8 25. b4 b5 26. bxc5 Rxc5 27. cxb5 axb5 28. Ba1 Nc7 (28... f5 $11) 29. Na4 $1 $16 {[%cal Ra4c5]} Rc2 30. Nc3 $36 {[%mdl 2048] White is on the roll.} Ra8 {[#]} 31. a4 $1 (31. Nxb5 $2 Nxb5 32. Bxb5 Rxa3 33. Bxd7 Nxd7 $19) (31. Bd3 $6 Rxc3 32. Bxc3 Rxa3 33. Bxe5 Rxd3 34. Bxd6 Rxf3 $11) 31... b4 32. Rxb4 {And now Rbb1 would win.} Na6 33. Rc4 Nc5 {[%cal Rd7a4] [#]} 34. Nxe5 $1 {[%mdl 512] aiming for Nc6.} Nb3 (34... Bg7 $142) (34... dxe5 35. Rxc5) 35. Nxd7 Nxd7 36. Nb5 Rxc4 37. Bxc4 Nd2 {Strongly threatening ...Nf3+.} 38. Be2 (38. Nxd6 $6 Nf3+ 39. Kf1 Nxe1 40. Kxe1 Rxa4 $11) 38... Nxe4 39. Bd1 Ndc5 40. Bd4 Bd2 (40... Bg7 $16 {was called for.}) 41. Re2 $18 Bb4 42. Rb2 Na6 43. Bf3 Nec5 44. Ra2 Nd3 45. Re2 ({Better is} 45. Bb6) 45... Kf8 (45... Nac5 $16) 46. Bf6 Nc1 (46... Nac5 $142 47. Nxd6 Nd7) 47. Re4 Nb3 (47... Nd3 $142 48. Be7+ Kg7) 48. Be7+ {White has a decisive advantage.} Kg7 {[#]} 49. Nc7 $1 {[%mdl 512]} Nxc7 50. Rxb4 Nd2 51. Bg2 Na6 {Precision: White = 72%, Black = 53%.} *

[Event "1.FrauenBL 2016-17"]
[Site "Berlin"]
[Date "2017.04.29"]
[Round "11.4"]
[White "Houska, Jovanka"]
[Black "Movsesian, Julia"]
[Result "1-0"]
[WhiteElo "2397"]
[BlackElo "2318"]
[Annotator "NA"]
[PlyCount "61"]
[EventDate "2017.??.??"]
[EventType "team-tourn"]
[EventCountry "GER"]
[SourceTitle "playchess.com"]
[Source "ChessBase"]
[SourceQuality "1"]
[WhiteTeam "Karlsruher SF"]
[BlackTeam "Rodewischer SM"]
[TimeControl "40/6000+30:3000+30"]

{[%evp 20,56,43,67,51,18,35,17,80,9,101,98,106,32,37,32767,52,55,123,102,32767,106,32767,157,32767,210,32767,32767,32767,32767,130,32767,32767,32767,32767,213,323,425,1104]} 1. d4 {[%emt 1:30:30]} d5 {[%emt 1:30:19]} 2. Nf3 {[%emt 1:30:31]} Nf6 {[%emt 1:30:35]} 3. c4 {[%emt 1:30:57]} e6 {[%emt 1:31:01]} 4. Nc3 {[%emt 1:31:06]} Be7 {[%emt 1:30:53]} 5. Bf4 {[%emt 1:30:57]} O-O {[%emt 1:28:58]} 6. e3 {[%emt 1:31:22]} Nbd7 {[%emt 1:23:35]} 7. Rc1 {[%emt 1:27:47]} c6 {[%emt 1:22:31]} 8. h3 {[%emt 1:26:40]} Re8 {[%emt 1:22:24]} 9. Bd3 {[%emt 1:26:33]} dxc4 {[%emt 1:15:54]} 10. Bxc4 {[%emt 1:26:56]} Nb6 {[%emt 1:26:56]} 11. Bd3 {[%emt 1:18:45]} Nbd5 {[%emt 1:15:41]} 12. Bg3 {[%emt 1:11:41]} Nxc3 {[%emt 1:10:25]} 13. bxc3 {[%emt 1:12:07]} c5 {[%emt 1:10:51]} (13... b6 $11) 14. O-O {[%emt 1:10:59]} a6 {[%emt 0:48:56]} (14... b6 $11) 15. Ne5 {[%emt 1:08:11]} Bd7 {[%emt 1:08:11]} 16. f4 {[%emt 1:02:15]} cxd4 {[%emt 0:34:21]} 17. exd4 {[%emt 1:00:33]} g6 {[%emt 0:33:37]} 18. Qb3 {[%emt 0:46:41]} Bc6 {[%emt 0:29:04] [#]} ({Better is} 18... Bb5 $14) 19. f5 $1 {[%emt 0:34:27]} ({Much worse is} 19. Nxc6 $6 bxc6 20. Rb1 Nd5 $11) 19... gxf5 {[%emt 0:22:26] [#]} 20. Bxf5 $1 {[%emt 0:34:47]} ({But not} 20. Nxc6 bxc6 21. Rce1 Nd5 $15) 20... Bd5 {[%emt 0:34:47]} 21. c4 {[%emt 0:34:50]} Be4 {[%emt 0:19:35]} 22. Bxe4 {[%emt 0:23:05]} Qxd4+ {[%emt 0:19:36]} 23. Kh1 {[%emt 0:12:58]} Nxe4 {[%emt 0:08:24]} 24. Nxf7 {[%emt 0:11:00]} Bf6 {[%emt 0:07:40]} 25. Nd6 {[%emt 0:09:36]} Nxd6 {[%emt 0:05:59]} 26. Bxd6 {[%emt 0:10:02]} Bg7 {[%emt 0:06:23]} 27. Rcd1 {[%emt 0:09:18]} Qc3 {[%emt 0:09:18]} (27... Qb2 $142 28. Qe3 Qc3) 28. Qxb7 {[%emt 0:09:22]} Qxc4 $18 {[%emt 0:09:22]} (28... Kh8 $142 29. Qe4 Rac8) 29. Rf7 {[%emt 0:09:36]} Qc3 {[%emt 0:09:36]} 30. Rd3 {[%emt 0:08:40]} Qb2 {[%emt 0:01:56]} 31. Rxg7+ {[%emt 0:09:00]} 1-0

[Event "1.FrauenBL 2016-17"]
[Site "Berlin"]
[Date "2017.04.29"]
[Round "11.4"]
[White "Schmidt, Jessica"]
[Black "Von der Weth, Carola"]
[Result "1-0"]
[WhiteElo "2270"]
[BlackElo "2110"]
[Annotator "NA"]
[PlyCount "59"]
[EventDate "2017.??.??"]
[EventType "team-tourn"]
[EventCountry "GER"]
[SourceTitle "playchess.com"]
[Source "ChessBase"]
[SourceQuality "1"]
[WhiteTeam "Hamburger SK"]
[BlackTeam "SV Medizin Erfurt"]
[TimeControl "40/6000+30:3000+30"]

{[%evp 10,51,37,32767,32767,26,63,51,50,50,32767,37,51,50,117,113,119,116,248,256,302,32767,32767,392,375,32767,32767,32767,32767,32767,343,32767,32767,32767,32767,32767,32767,32767,468,32767,32767,32767,2045,5182]} 1. d4 {[%emt 1:30:30]} d5 {[%emt 1:30:27]} 2. c4 {[%emt 1:30:49]} e6 {[%emt 1:30:31]} 3. Nc3 {[%emt 1:31:12]} c6 {[%emt 1:29:52]} 4. cxd5 {[%emt 1:21:56]} exd5 {[%emt 1:28:46]} 5. Qc2 {[%emt 1:22:18]} f5 {[%emt 1:22:18]} 6. Bf4 {[%emt 1:24:25] D31: Queen's Gambit Declined: Semi-Slav without ...Nf6 (+ Marshall Gambit and Noteboom) and Exchange Variation lines without ...Nf6} Bd6 {[%emt 1:23:13]} 7. Nh3 {[%emt 1:17:52]} Bxf4 {[%emt 1:13:09]} 8. Nxf4 {[%emt 1:18:15]} Nf6 {[%emt 1:13:26]} 9. e3 {[%emt 1:09:41]} O-O {[%emt 1:09:41]} 10. Bd3 {[%emt 1:07:49]} Ne4 {[%emt 0:59:22]} 11. O-O {[%emt 0:59:22]} Qe8 $146 {[%emt 1:00:45]} ({Black should play} 11... g5 $14) (11... Nd6 12. Na4 Rf6 13. h4 Nd7 {½-½ (64) Marentini,M (2085)-Rausch,S (2294) Bad Wiessee 2013}) 12. Nfxd5 {[%emt 0:46:41]} cxd5 {[%emt 0:42:50]} 13. Nxd5 {[%emt 0:42:50]} Nc6 {[%emt 0:33:12]} (13... Rf7 $16 {might work better.}) 14. Nc7 $1 {[%emt 0:45:19]} Qe7 {[%emt 0:31:41]} 15. Nxa8 {[%emt 0:28:49]} Qd6 {[%emt 0:19:31]} 16. Nc7 {[%emt 0:22:48]} Qxc7 {[%emt 0:08:26]} 17. d5 {[%emt 0:08:26]} Rf6 {[%emt 0:07:36]} 18. dxc6 {[%emt 0:08:48]} Rxc6 {[%emt 0:07:16]} 19. Qe2 {[%emt 0:09:13]} Nf6 {[%emt 0:03:34]} 20. Qf3 {[%emt 0:03:34]} g6 {[%emt 0:03:17]} 21. Qg3 {[%emt 0:03:17]} Qb6 {[%emt 0:01:13]} 22. b3 {[%emt 0:06:40]} Be6 {[%emt 0:01:39]} 23. Rac1 {[%emt 0:06:27]} Rd6 {[%emt 0:01:41]} 24. Rfd1 {[%emt 0:06:17]} Qb4 {[%emt 0:00:44]} 25. Qe5 {[%emt 0:05:10]} Nd5 {[%emt 0:00:02]} 26. Bc4 $18 {[%emt 0:00:02]} Qa3 {[%emt 0:00:11]} 27. Bxd5 {[%emt 0:03:33]} Bxd5 {[%emt 0:00:39]} 28. Rc5 {[%emt 0:03:35]} Qc1 {[%emt 0:03:35]} 29. Rc7 {[%emt 0:03:35]} Be4 {[%emt 0:03:35]} 30. Qe6+ {[%emt 0:03:35]} 1-0